000
00295nam a2200133Ia 4500
100
_a
Bhattacharya/S.K
942
_c
BK
654
_a
Machines
245
_a
Electrical machines
260
_b
Tata Mc Graw hill
_a
New Delhi
_c
1986
082
_a
621.31042
_b
BHA
300
_a
208
546
_a
ENGLISH
999
_c
33883
_d
33883